000 00578nam a2200229Ia 4500
003 OSt
005 20221005124251.0
006 a|||||r|||| 00| 0
007 ta
008 221004b |||||||| |||| 00| 0 eng d
024 _a68301
037 _cTextual
040 _aCRL
_cCRL
_beng
041 _2eng
_aeng
082 _aV3aN3, J2
245 0 _aMODERN BRITISH history,1485-1939
_b A short bibliography
260 _c1952
490 _aHelps for students of history, 54
650 _aHISTORY
942 _hV3aN3, J2
_cTEXL
_2cc
999 _c1049943
_d1049943